|
|
|
|
| LEADER |
00000nam0a2200000 4500 |
| 001 |
156101 |
| 005 |
20231101221900.0 |
| 020 |
|
|
|a RU
|b 84-21691
|
| 035 |
|
|
|a (RuTPU)RU\TPU\book\169301
|
| 090 |
|
|
|a 156101
|
| 100 |
|
|
|a 20090323d1984 e y0rusy5003 ca
|
| 101 |
1 |
|
|a rus
|c arm
|
| 102 |
|
|
|a RU
|
| 105 |
|
|
|a a z 000ay
|
| 200 |
1 |
|
|a Три года 291 день
|e фронтовой дневник
|e пер. с арм.
|f С. Н. Ханзадян
|g пер. Р. Кафриэлянц ; худож. Г. Епишин
|
| 210 |
|
|
|a Москва
|c Детская литература
|d 1984
|
| 215 |
|
|
|a 302 с.
|c ил.
|
| 225 |
1 |
|
|a Военая библиотека школьника. ВБШ
|
| 330 |
|
|
|a Эта книга о мужестве, о солдатском подвиге поколения юношей, прошедших по дорогам Великой Отечественной войны от первых дней и до победного конца.
|
| 606 |
1 |
|
|a Армянская литература
|2 stltpush
|3 (RuTPU)RU\TPU\subj\29419
|9 52760
|
| 610 |
1 |
|
|a Советская Армия
|
| 610 |
1 |
|
|a детская литература
|
| 610 |
1 |
|
|a Великая Отечественная война 1941-1945
|
| 610 |
1 |
|
|a повести
|
| 610 |
1 |
|
|a военная проза
|
| 675 |
|
|
|a 891.981
|v 3
|
| 700 |
|
1 |
|a Ханзадян
|b С. Н.
|g Серо Николаевич
|
| 702 |
|
1 |
|a Кафриэлянц
|b Р.
|4 730
|
| 702 |
|
1 |
|a Епишин
|b Г.
|4 440
|
| 801 |
|
0 |
|a RU
|b RuMRKP
|c 19950704
|g psbo
|
| 801 |
|
1 |
|a RU
|b 63413507
|c 20090323
|g PSBO
|
| 801 |
|
2 |
|a RU
|b 63413507
|c 20200605
|g PSBO
|
| 942 |
|
|
|c BK
|